000 00716nam a2200277Ia 4500
005 20260324142956.0
008 008 260324s9999 xx 000 0 eng d
020 _a9781315821900
037 _aEBOOK
040 _aCRL
040 _beng
040 _cCRL
041 _2eng
041 _aeng
084 _qCRL
100 _aRobert G. Burgess; John Connor; Sheila Galloway; Marlene Morrison; Malcolm Newton
_91213935
245 0 _aImplementing In-Service Education And Training
260 _bTaylor and Francis
260 _c1993
365 _a
365 _b290
856 _uhttp://www.taylorfrancis.com/books/9781315821900
942 _cEBOOK
999 _c1818771
_d1818771